Star Wars Word Scramble - Statistics

General Stats
  • This quiz has been taken 27 times
  • The average score is 30 of 39
Answer Stats
Hint Answer % Correct
bio awn okneib Obi Wan Kenobi
100%
aknani Anakin
95%
okodu Dooku
95%
bjaba Jabba
95%
emca dinwu Mace Windu
95%
laum Maul
95%
doya Yoda
95%
ibb tunafor Bib Fortuna
90%
whecbacac Chewbacca
90%
nfin Finn
90%
iegrovsu Grievous
90%
nah lsoo Han Solo
90%
ner ylok Kylo Ren
90%
yer Rey
90%
shakoa noat Ahsoka Tano
86%
ik dia undmi Ki Adi Mundi
86%
iela gronaa Leia Organa
86%
kleu ykslwkalre Luke Skywalker
86%
ienlpatpa Palpatine
86%
lop kono Plo Koon
86%
knsoe Snoke
81%
yaala cusera Aayla Secura
76%
dmpea Padme
76%
aboa ettf Boba Fett
71%
lac tiskes Cal Kestis
71%
ognja teft Jango Fett
71%
tki tofsi Kit Fisto
71%
tieckw Wicket
71%
bez Zeb
71%
uiq nog nijn Qui Gon Jinn
67%
akash it Shaak Ti
67%
hmis Shmi
67%
raj jra kinbs Jar Jar Binks
62%
zrae rebigdr Ezra Bridger
57%
ratkin Tarkin
52%
twtoa Watto
43%
noald sirnaclasina Lando Calrissian
33%
popo narcssii Oppo Rancisis
33%
reec ajdun Cere Junda
29%
No matching quizzes found
Score Distribution
Percent of People with Each Score
Percentile by Number Answered
Your Score History
You have not taken this quiz